Catálogo
 En Linea

Lo fundamental en hipertensión / (Registro nro. 35881)

Detalles MARC
000 -CABECERA
campo de control de longitud fija 00497nam a2200169 a 4500
001 - NÚMERO DE CONTROL
campo de control 000036390
005 - FECHA Y HORA DE LA ÚLTIMA TRANSACCIÓN
campo de control 20200930075714.0
008 - DATOS DE LONGITUD FIJA--INFORMACIÓN GENERAL
campo de control de longitud fija 120116s1984 sp ad 000 0 spa d
020 ## - NÚMERO INTERNACIONAL ESTÁNDAR DEL LIBRO
Número Internacional Estándar del Libro 8475920470
040 ## - FUENTE DE LA CATALOGACIÓN
Centro catalogador/agencia de origen DO-SdBNP
Lengua de catalogación spa
Centro/agencia transcriptor BNPHU
082 ## - NÚMERO DE LA CLASIFICACIÓN DECIMAL DEWEY
Número de clasificación xxxx
Número de documento/Ítem P226
100 1# - ENTRADA PRINCIPAL--NOMBRE DE PERSONA
Nombre de persona Pardell Alenta, H.
9 (RLIN) 62587
245 13 - MENCIÓN DE TÍTULO
Título Lo fundamental en hipertensión /
Mención de responsabilidad, etc. H. Pardell Alenta.
260 ## - PUBLICACIÓN, DISTRIBUCIÓN, ETC.
Lugar de publicación, distribución, etc. Barcelona :
Nombre del editor, distribuidor, etc. Doyma,
Fecha de publicación, distribución, etc. 1984.
300 ## - DESCRIPCIÓN FÍSICA
Extensión 79 p. :
Otras características físicas il., diagrs. ;
Dimensiones 21 cm.
500 ## - NOTA GENERAL
Nota general Segunda reimpresión, 1987.
Existencias
Estado de retiro Estado de pérdida Restricciones de uso No para préstamo Código de colección Localización permanente Ubicación/localización actual Ubicación en estantería Fecha de adquisición Número de inventario Total de préstamos Signatura topográfica completa Código de barras Fecha visto por última vez Precio válido a partir de Tipo de ítem Koha
      Excluido de préstamo Monografías: Libros y Folletos General General En catalogación 16.01.2012 LF1   xxxx P226 36391-10 25.06.2020 25.06.2020 No se presta
        Monografías: Libros y Folletos General General Orden iniciada 16.01.2012 LF1   no está fisico 36391-20 25.06.2020 25.06.2020 No se presta

Con tecnología Koha